000 00345 a2200157 4500
001 155705
040 _cEscola São Tomás de Aquino
100 _aCLARET, Martin
240 1 0 _aA essência da vida
_lpor
245 1 0 _aA essência da vida
300 _a128
362 0 _a1997
440 1 _aMartin Claret
697 _aFilosofia
942 _cBK
999 _c155705
_d155705